A text book of allied physics: (Record no. 22857)

MARC details
000 -LEADER
fixed length control field 00823nam a22002297a 4500
005 - DATE AND TIME OF LATEST TRANSACTION
control field 20090202142935.0
008 - FIXED-LENGTH DATA ELEMENTS--GENERAL INFORMATION
fixed length control field 090202t xxu||||| |||| 00| 0 eng d
010 ## - LCCN (DPL NO)
LC control number ENG-92755
020 ## - INTERNATIONAL STANDARD BOOK NUMBER
Terms of availability 75.00
International Standard Book Number 9788190636926
035 ## - SYSTEM CONTROL NUMBER
System control number EN-76288
037 ## - SOURCE OF ACQUISITION
Source of stock number/acquisition DBAD / PUB
040 ## - CATALOGING SOURCE
Original cataloging agency dpl
Language of cataloging English
082 ## - DEWEY DECIMAL CLASSIFICATION NUMBER
Classification number 530
100 ## - MAIN ENTRY--PERSONAL NAME
Personal name Azhagiri, S.
245 ## - TITLE STATEMENT
Title A text book of allied physics:
Statement of responsibility, etc byS. Azhagiri
Remainder of title paper II second/fourth semester (Universtiy of Madras) /
260 ## - PUBLICATION, DISTRIBUTION, ETC. (IMPRINT)
Place of publication, distribution, etc Chennai
Name of publisher, distributor, etc SAMS Publishers
Date of publication, distribution, etc 2008
270 ## - ADDRESS
Address No. 10, Annapoorna Flats, Nanganallur,
City Chennai
Postal code 61
300 ## - PHYSICAL DESCRIPTION
Extent 155p.
Dimensions 23cm (pbk)
650 ## - SUBJECT ADDED ENTRY--TOPICAL TERM
Topical term or geographic name as entry element Physics.
942 ## - ADDED ENTRY ELEMENTS (KOHA)
Source of classification or shelving scheme Dewey Decimal Classification
Item type English Books
Call number suffix AZH
Classification part 530
Holdings
Withdrawn status Lost status Source of classification or shelving scheme Damaged status Not for loan Collection code Home library Current library Date acquired Source of acquisition Cost, normal purchase price Total Checkouts Full call number Barcode Date last seen Copy number Cost, replacement price Koha item type
    Dewey Decimal Classification   Not For Loan Non-fiction D.B.Act.Division D.B.Act.Division 02/02/2009 DBAD / PUB 75.00   530 AZH EN-76288 02/02/2009 1 75.00 English Books

© Delhi Public Library
Hit Counter
free hit counter